[Event "7th Iberoamerican-ch 2019"]
[Site "Linares"]
[Date "2019.08.16"]
[Round "7.1"]
[White "Flores, Diego"]
[Black "Vallejo Pons, Francisco"]
[Result "0-1"]
[WhiteElo "2604"]
[BlackElo "2678"]
[Annotator "TA"]
[PlyCount "70"]
[EventDate "2019.08.10"]
[EventType "swiss"]
[EventCountry "ESP"]
[SourceTitle "playchess.com"]
[Source "ChessBase"]
[SourceQuality "1"]

{[%evp 10,70,14,0,0,8,0,-54,-41,-82,-90,-110,-124,-142,-163,-162,-166,-175,-183,-218,-239,-204,-244,-235,-201,-240,-222,-292,-168,-159,-124,-127,-136,-202,-153,-183,-142,-176,-162,-230,-233,-231,-229,-237,-195,-194,-200,-218,-218,-217,-217,-217,-218,-225,-181,-346,-357,-479,-453,-523,-408,-456,-448]} 1. c4 e5 2. g3 c6 3. Nf3 e4 4. Nd4 d5 5. cxd5 Qxd5 6. e3 Bc5 $146 {A20: English Opening: 1...e5} (6... Nf6 7. Nc3 Qe5 8. d3 Bb4 9. Bg2 O-O 10. O-O Rd8 11. Nxe4 Nxe4 12. dxe4 c5 13. Nf3 Qe7 14. Qc2 {0-1 (46) Zwardon,V (2408)-Navara,D (2740) Katowice 2017}) 7. Nc3 Qe5 8. f4 ({Better is} 8. f3 $11) 8... Qe7 $15 {Black is slightly better.} 9. Nb3 Bb6 $1 10. Bg2 Nf6 11. Qc2 {[%cal Rc3e4]} Bf5 12. h3 h5 13. Na4 {[#]} Na6 $1 {[%cal Bb8a6,Ba6b4,Bb4d3][%mdl 32]} 14. Qc3 Nb4 15. O-O Nd3 16. Nxb6 axb6 17. Nd4 Bd7 18. Nc2 c5 (18... h4 $142 19. g4 {[#]} Bxg4 $1 {[%mdl 512]}) 19. Ne1 $19 Bb5 20. Nxd3 Bxd3 21. b3 (21. Rf2 $17) 21... Rh6 22. Bb2 Rg6 $36 {[%mdl 2048] Black is in control.} 23. Kh2 Nd5 24. Qe5 (24. Qc1 $142) 24... Bxf1 25. Bxf1 Qxe5 26. fxe5 f5 27. exf6 Nxf6 28. Bc4 Rg5 29. a4 Rd8 30. Rd1 Rf5 31. Kg2 Ke7 32. Bc1 $2 (32. Be2) 32... Nd5 {Threatens to win with ...Nxe3+!} 33. Re1 Nb4 34. d4 exd3 {White must now prevent ...d2!} 35. Bd2 Rdf8 {Accuracy: White = 24%, Black = 86%.} 0-1

[Event "7th Iberoamerican-ch 2019"]
[Site "Linares"]
[Date "2019.08.16"]
[Round "7.2"]
[White "Cuenca Jimenez, Jose Fernando"]
[Black "Cori, Jorge"]
[Result "0-1"]
[WhiteElo "2515"]
[BlackElo "2686"]
[Annotator "TA"]
[PlyCount "80"]
[EventDate "2019.08.10"]
[EventType "swiss"]
[EventCountry "ESP"]
[SourceTitle "playchess.com"]
[Source "ChessBase"]
[SourceQuality "1"]

{[%evp 16,79,9,0,12,2,16,13,17,36,183,0,0,0,27,-41,0,0,22,0,0,-47,-47,-100,-42,-28,0,0,111,104,106,106,99,93,160,101,101,94,92,18,5,10,174,0,0,0,0,0,0,-866,-840,-855,-840,-29993,-29994,-29994,-29995,-29995,-29996,-29996,-29997,-29997,-29998,-29998,-29999,-29999]} 1. e4 e6 2. d4 d5 3. Nc3 Nf6 4. e5 Nfd7 5. f4 c5 6. Nf3 Nc6 7. Be3 Be7 8. Qd2 O-O 9. dxc5 Nxc5 {C11: French: Classical System: 4 e5 and 4 Bg5 dxe4} 10. O-O-O a6 11. h4 b5 {The position is equal.} 12. Bd3 Nb4 $146 (12... Qc7 $14) ({Predecessor:} 12... b4 13. Bxc5 Bxc5 14. Na4 Ba7 15. Qe2 f5 16. g4 Ne7 17. Ng5 {0-1 (45) Caruana,F (2828)-Nyzhnyk,I (2638) chess.com INT 2019}) 13. Kb1 $2 (13. Bxh7+ $1 $18 Kxh7 14. Ng5+ Kg8 15. Qe2) 13... Nbxd3 $11 14. cxd3 b4 15. Ne2 ({Better is} 15. Bxc5 $1 $11 Bxc5 16. Na4) 15... Bd7 16. g4 Rc8 17. Ned4 b3 18. Nxb3 Nxb3 19. axb3 a5 (19... Rb8 $1 $17 20. Nd4 a5) 20. f5 $1 $15 Bb4 21. Qf2 $1 Qc7 (21... a4 $11 {keeps the balance.} 22. Bb6 Qe7) 22. f6 $1 $16 a4 23. fxg7 $1 Rfe8 24. Ng5 {[%csl Gg5][%cal Rf2f7]} Re7 (24... Bb5 $142 25. bxa4 Bxa4) 25. Rc1 (25. bxa4 $142 $1 {Black must now prevent Rc1.} Qxe5 26. Bd4) 25... Qa5 26. Rxc8+ {[%mdl 64] Overworked Piece} Bxc8 27. bxa4 (27. Bb6 $1 $16 {[%cal Rb6a5]} Qb5 28. bxa4 Qxa4 29. Qc2) 27... Ba6 $1 $36 {[%cal Ra6d3][%mdl 2048] Black fights for an advantage.} 28. Qc2 {d4 would kill now.} d4 $2 (28... Rc7 $11 {and Black stays safe.} 29. Qb3 Kxg7) 29. Bf4 $2 ({Don't go for} 29. Bxd4 $2 Qd5 $17) (29. Ne4 $1 $18 {Strongly threatening Bh6.} Kxg7 30. Bg5 (30. Bxd4 Qd5 $17)) 29... Rc7 $1 {[%cal Rc7c2]} 30. Qd1 $1 Bb5 $1 {[%cal Rb5a4]} 31. axb5 Ra7 $1 {( -> ...Qa2+)} 32. Qf3 $2 {[%mdl 8192]} (32. b6 $11 Qa1+ 33. Kc2 Qa4+ 34. Kb1 Qa2+ 35. Kc1 Qa1+ 36. Kc2 Qa4+ 37. Kb1 Qa2+ 38. Kc2 Qa4+) 32... Qa1+ 33. Kc2 {[#]} Rc7+ $1 34. Kb3 {[#]} Rc3+ $3 {[%mdl 512] Black mates.} 35. Kxb4 (35. bxc3 Qxc3+) 35... Qxb2+ 36. Ka5 Qa3+ 37. Kb6 Qc5+ 38. Ka6 Ra3+ 39. Kb7 Ra7+ 40. Kb8 Qc7# {Accuracy: White = 61%, Black = 37%.} 0-1

[Event "7th Iberoamerican-ch 2019"]
[Site "Linares"]
[Date "2019.08.16"]
[Round "7.3"]
[White "Sosa, Tomas"]
[Black "Delgado Ramirez, Neuris"]
[Result "1/2-1/2"]
[WhiteElo "2508"]
[BlackElo "2612"]
[Annotator "TA"]
[PlyCount "35"]
[EventDate "2019.08.10"]
[EventType "swiss"]
[EventCountry "ESP"]
[SourceTitle "playchess.com"]
[Source "ChessBase"]
[SourceQuality "1"]

{[%evp 15,35,34,24,13,30,14,11,0,0,-11,19,-16,11,14,10,8,8,12,7,0,0,0]} 1. e4 e5 2. Nf3 Nf6 3. d4 exd4 4. e5 Ne4 5. Qxd4 d5 6. exd6 Nxd6 7. Nc3 Nc6 8. Qf4 Nf5 9. Nb5 {C43: Petroff Defence: 3 d4} (9. Bd3 Bd6 10. Qe4+ Qe7 11. Bg5 f6 12. Bd2 Bd7 13. O-O-O O-O-O 14. Rhe1 Qxe4 15. Nxe4 Be7 16. Bc4 Nd6 {½-½ (81) Safarli,E (2660)-Georgiev,K (2636) Khanty-Mansiysk 2013}) 9... Bb4+ 10. c3 Ba5 {The position is equal.} 11. Be2 O-O 12. O-O Re8 $146 ({Predecessor:} 12... Bb6 13. Rd1 Qe7 14. Bf1 h6 15. b3 g5 16. Qd2 Rd8 {0-1 (33) Delaunay,S (2333)-Le Roux,J (2252) France 1998}) 13. Bc4 a6 14. Nbd4 Ncxd4 15. Nxd4 Qd6 16. Qf3 Qg6 17. Nxf5 Bxf5 18. Be3 1/2-1/2

[Event "7th Iberoamerican-ch 2019"]
[Site "Linares"]
[Date "2019.08.16"]
[Round "7.4"]
[White "Albornoz Cabrera, Carlos Daniel"]
[Black "Zambrana, Oswaldo"]
[Result "1-0"]
[WhiteElo "2566"]
[BlackElo "2440"]
[Annotator "ChessBase"]
[PlyCount "91"]
[EventDate "2019.08.10"]
[EventType "swiss"]
[EventCountry "ESP"]
[SourceTitle "playchess.com"]
[Source "ChessBase"]
[SourceQuality "1"]
[TimeControl "5400+30"]

1. Nf3 {[%emt 0:00:00]} Nf6 {[%emt 0:05:13]} 2. c4 {[%emt 0:00:00]} e6 {[%emt 0:00:14]} 3. Nc3 {[%emt 0:00:00]} d5 {[%emt 0:00:12]} 4. d4 {[%emt 0:00:20]} Be7 {[%emt 0:00:09]} 5. Bg5 {[%emt 0:00:18]} h6 {[%emt 0:00:18]} 6. Bh4 {[%emt 0:00:07]} O-O {[%emt 0:00:08]} 7. e3 {[%emt 0:00:14]} Nbd7 {[%emt 0:02:21]} 8. Rc1 {[%emt 0:01:14]} c6 {[%emt 0:01:59]} 9. Bd3 {[%emt 0:01:25]} b6 {[%emt 0:02:07]} 10. cxd5 {[%emt 0:00:41]} exd5 11. Qc2 {[%emt 0:01:48]} Bb7 {[%emt 0:01:46]} 12. O-O Re8 {[%emt 0:06:52]} 13. Bf5 {[%emt 0:04:34]} Nh5 {[%emt 0:04:31]} 14. Bxe7 {[%emt 0:01:35]} Rxe7 {[%emt 0:05:03]} 15. Ne2 {[%emt 0:03:27]} Nhf6 {[%emt 0:03:05]} 16. Nf4 {[%emt 0:03:02]} c5 {[%emt 0:00:25]} 17. dxc5 {[%emt 0:04:52]} Nxc5 {[%emt 0:01:36]} 18. Rfd1 {[%emt 0:05:56]} Qe8 {[%emt 0:00:47]} 19. Nd4 {[%emt 0:01:45]} a5 {[%emt 0:08:52]} 20. Qe2 {[%emt 0:05:46]} Rd8 {[%emt 0:09:08]} 21. Bd3 {[%emt 0:07:32]} Rc7 {[%emt 0:03:31]} 22. a3 {[%emt 0:06:27]} Qe5 {[%emt 0:03:26]} 23. b4 {[%emt 0:01:59]} axb4 {[%emt 0:00:07]} 24. axb4 {[%emt 0:00:05]} Nce4 {[%emt 0:00:28]} 25. Bxe4 {[%emt 0:02:11]} Nxe4 {[%emt 0:05:36]} 26. Nd3 {[%emt 0:03:15]} Qd6 {[%emt 0:03:39]} 27. Nb5 {[%emt 0:07:58]} Rxc1 {[%emt 0:00:07]} 28. Nxd6 {[%emt 0:01:44]} Nc3 {[%emt 0:00:02]} 29. Nxc1 {[%emt 0:00:08]} Nxe2+ {[%emt 0:00:09]} 30. Nxe2 {[%emt 0:00:03]} Rxd6 {[%emt 0:00:04]} 31. Nd4 {[%emt 0:00:16]} Ba6 {[%emt 0:00:14]} 32. Nf5 {[%emt 0:01:49]} Rd7 {[%emt 0:00:02]} 33. Rxd5 {[%emt 0:01:02]} Rc7 {[%emt 0:00:11]} 34. h3 {[%emt 0:02:21]} Rc1+ {[%emt 0:02:30]} 35. Kh2 {[%emt 0:00:18]} Rb1 {[%emt 0:05:20]} 36. Rd4 {[%emt 0:01:09]} Bf1 {[%emt 0:00:37]} 37. Rg4 {[%emt 0:03:19]} Kf8 {[%emt 0:14:03]} 38. Nxg7 {[%emt 0:03:09]} Be2 {[%emt 0:00:22]} 39. f3 {[%emt 0:00:47]} Rb2 {[%emt 0:00:02]} 40. Kg1 {[%emt 0:01:39]} Rb1+ {[%emt 0:01:25]} 41. Kf2 {[%emt 0:00:08]} Rb2 {[%emt 0:00:07]} 42. Nh5 {[%emt 0:02:00]} Bc4+ {[%emt 0:02:37]} 43. Kg3 {[%emt 0:00:21]} Rxb4 {[%emt 0:00:15]} 44. Nf6 {[%emt 0:00:38]} b5 {[%emt 0:00:15]} 45. Re4 {[%emt 0:01:10]} Rb2 {[%emt 0:00:36]} 46. Nd7+ {[%emt 0:00:11]} 1-0

[Event "7th Iberoamerican-ch 2019"]
[Site "Linares"]
[Date "2019.08.16"]
[Round "7.5"]
[White "Escobar Forero, Alder"]
[Black "Henriquez Villagra, Cristobal"]
[Result "1/2-1/2"]
[WhiteElo "2477"]
[BlackElo "2562"]
[Annotator "ChessBase"]
[PlyCount "124"]
[EventDate "2019.08.10"]
[EventType "swiss"]
[EventCountry "ESP"]
[SourceTitle "playchess.com"]
[Source "ChessBase"]
[SourceQuality "1"]
[TimeControl "5400+30"]

1. e4 {[%emt 0:00:00]} e5 {[%emt 0:01:30]} 2. Nf3 {[%emt 0:00:00]} Nc6 {[%emt 0:00:06]} 3. Bb5 {[%emt 0:00:00]} a6 {[%emt 0:00:05]} 4. Ba4 {[%emt 0:00:00]} Nf6 {[%emt 0:00:22]} 5. O-O {[%emt 0:00:15]} Bc5 {[%emt 0:00:52]} 6. Nxe5 {[%emt 0:04:23]} Nxe5 {[%emt 0:03:38]} 7. d4 {[%emt 0:00:06]} b5 {[%emt 0:02:51]} 8. dxe5 {[%emt 0:16:55]} Nxe4 {[%emt 0:07:39]} 9. Bb3 {[%emt 0:06:53]} Bb7 {[%emt 0:31:20]} 10. Qg4 {[%emt 0:20:01]} Qe7 {[%emt 0:01:18]} 11. Nc3 {[%emt 0:06:52]} f5 {[%emt 0:06:59]} 12. exf6 {[%emt 0:02:02]} Nxf6 {[%emt 0:00:34]} 13. Qg5 {[%emt 0:03:49]} O-O-O {[%emt 0:02:59]} 14. Bf4 {[%emt 0:03:47]} Rde8 {[%emt 0:05:38]} 15. Rad1 {[%emt 0:07:54]} h6 {[%emt 0:02:12]} 16. Qg6 {[%emt 0:01:11]} Rhf8 {[%emt 0:01:19]} 17. Bg3 {[%emt 0:02:01]} Ne4 {[%emt 0:08:22]} 18. Nxe4 {[%emt 0:04:35]} Qxe4 {[%emt 0:00:18]} 19. Qxe4 {[%emt 0:00:06]} Rxe4 {[%emt 0:00:02]} 20. Rfe1 {[%emt 0:02:01]} Rg4 {[%emt 0:02:45]} 21. Re2 {[%emt 0:01:03]} h5 {[%emt 0:03:02]} 22. Bd5 {[%emt 0:00:50]} h4 {[%emt 0:00:37]} 23. Bxb7+ {[%emt 0:00:40]} Kxb7 {[%emt 0:00:04]} 24. Be5 {[%emt 0:00:20]} d6 {[%emt 0:05:33]} 25. h3 {[%emt 0:00:38]} Rg5 {[%emt 0:01:29]} 26. Bd4 {[%emt 0:00:06]} Rd5 {[%emt 0:02:27]} 27. Re4 {[%emt 0:01:05]} g5 {[%emt 0:02:26]} 28. Rd3 {[%emt 0:00:08]} Kc6 {[%emt 0:02:00]} 29. Kf1 {[%emt 0:00:58]} Bxd4 {[%emt 0:00:54]} 30. Rdxd4 {[%emt 0:00:39]} Rdf5 {[%emt 0:00:05]} 31. f3 {[%emt 0:00:23]} Kd7 {[%emt 0:00:10]} 32. Rd3 {[%emt 0:01:17]} a5 {[%emt 0:01:16]} 33. Rde3 {[%emt 0:00:55]} R8f7 {[%emt 0:00:18]} 34. c4 {[%emt 0:03:50]} bxc4 {[%emt 0:00:41]} 35. Rxc4 {[%emt 0:00:01]} Rf4 {[%emt 0:00:37]} 36. Ree4 {[%emt 0:01:22]} c5 {[%emt 0:00:51]} 37. Kf2 {[%emt 0:02:00]} Kc6 {[%emt 0:00:39]} 38. Ke3 {[%emt 0:01:20]} R4f5 {[%emt 0:01:41]} 39. Re8 {[%emt 0:00:36]} Rb7 {[%emt 0:00:30]} 40. b3 {[%emt 0:00:40]} Rb4 {[%emt 0:01:40]} 41. Ra8 {[%emt 0:04:18]} Rf4 {[%emt 0:00:02]} 42. Re4 {[%emt 0:01:28]} Kd5 {[%emt 0:00:50]} 43. Ree8 {[%emt 0:03:09]} a4 {[%emt 0:00:36]} 44. Rg8 {[%emt 0:00:01]} Rf5 {[%emt 0:01:00]} 45. Rxa4 {[%emt 0:01:17]} Rxa4 {[%emt 0:00:05]} 46. bxa4 {[%emt 0:00:00]} Kc4 {[%emt 0:00:20]} 47. Rb8 {[%emt 0:00:57]} d5 {[%emt 0:00:55]} 48. a5 {[%emt 0:00:31]} Rf7 {[%emt 0:01:14]} 49. a6 {[%emt 0:00:30]} Ra7 {[%emt 0:00:04]} 50. Rb6 {[%emt 0:00:01]} Kc3 {[%emt 0:00:07]} 51. Rb3+ {[%emt 0:00:42]} Kc4 {[%emt 0:01:33]} 52. Rb6 {[%emt 0:00:03]} Kc3 {[%emt 0:00:11]} 53. Rb3+ {[%emt 0:00:01]} Kc2 {[%emt 0:00:59]} 54. Rb5 {[%emt 0:00:02]} d4+ {[%emt 0:00:03]} 55. Ke4 {[%emt 0:00:08]} Re7+ {[%emt 0:00:58]} 56. Kd5 {[%emt 0:00:15]} d3 {[%emt 0:00:22]} 57. Rxc5+ {[%emt 0:00:12]} Kb2 {[%emt 0:00:01]} 58. Kc6 {[%emt 0:00:38]} Re6+ {[%emt 0:00:12]} 59. Kb7 {[%emt 0:00:19]} Re7+ {[%emt 0:00:21]} 60. Kb8 {[%emt 0:01:27]} Re8+ {[%emt 0:00:52]} 61. Kc7 {[%emt 0:01:29]} Re7+ {[%emt 0:00:08]} 62. Kb6 {[%emt 0:00:29]} Re6+ {[%emt 0:00:20]} 1/2-1/2

[Event "7th Iberoamerican-ch 2019"]
[Site "Linares"]
[Date "2019.08.16"]
[Round "7.6"]
[White "Krysa, Leandro"]
[Black "Huerga Leache, Mikel"]
[Result "1/2-1/2"]
[WhiteElo "2516"]
[BlackElo "2440"]
[Annotator "ChessBase"]
[PlyCount "118"]
[EventDate "2019.08.10"]
[EventType "swiss"]
[EventCountry "ESP"]
[SourceTitle "playchess.com"]
[Source "ChessBase"]
[SourceQuality "1"]
[TimeControl "5400+30"]

1. c4 {[%emt 0:00:00]} c5 {[%emt 0:00:00]} 2. g3 {[%emt 0:00:53]} Nc6 {[%emt 0:00:15]} 3. Bg2 {[%emt 0:00:58]} g6 {[%emt 0:00:37]} 4. Nc3 {[%emt 0:03:10]} Bg7 {[%emt 0:00:49]} 5. d3 {[%emt 0:00:51]} d6 {[%emt 0:01:16]} 6. Qd2 {[%emt 0:00:21]} e5 {[%emt 0:07:00]} 7. e3 {[%emt 0:01:38]} Nge7 {[%emt 0:00:33]} 8. Nge2 {[%emt 0:00:09]} h5 {[%emt 0:03:26]} 9. h4 {[%emt 0:06:08]} a6 {[%emt 0:15:58]} 10. b3 {[%emt 0:01:00]} Rb8 {[%emt 0:04:14]} 11. Bb2 {[%emt 0:00:52]} b5 {[%emt 0:01:05]} 12. Nd5 {[%emt 0:07:18]} Bb7 {[%emt 0:01:13]} 13. O-O {[%emt 0:07:31]} O-O {[%emt 0:01:26]} 14. Kh2 {[%emt 0:03:11]} f5 {[%emt 0:02:09]} 15. f4 {[%emt 0:01:19]} Kh8 {[%emt 0:11:24]} 16. Rae1 {[%emt 0:08:50]} Qd7 {[%emt 0:05:29]} 17. e4 {[%emt 0:11:10]} Rbe8 {[%emt 0:05:19]} 18. fxe5 {[%emt 0:01:57]} dxe5 {[%emt 0:05:52]} 19. Bh3 {[%emt 0:04:54]} Kh7 {[%emt 0:03:46]} 20. Qg5 {[%emt 0:14:34]} Bc8 {[%emt 0:06:12]} 21. exf5 {[%emt 0:14:17]} Nxf5 {[%emt 0:00:27]} 22. Nec3 {[%emt 0:01:53]} Nce7 {[%emt 0:07:35]} 23. Nxe7 {[%emt 0:01:14]} Rxe7 {[%emt 0:02:29]} 24. Nd5 {[%emt 0:03:10]} Ref7 {[%emt 0:03:54]} 25. Bxe5 {[%emt 0:03:01]} Bxe5 {[%emt 0:06:20]} 26. Rxe5 {[%emt 0:00:04]} Qd6 {[%emt 0:00:04]} 27. Bxf5 {[%emt 0:00:12]} Bxf5 {[%emt 0:00:11]} 28. Re7 {[%emt 0:00:38]} Rxe7 {[%emt 0:02:00]} 29. Qxe7+ {[%emt 0:00:12]} Qxe7 {[%emt 0:00:03]} 30. Nxe7 {[%emt 0:00:03]} Kg7 {[%emt 0:00:45]} 31. Nxf5+ {[%emt 0:02:01]} gxf5 {[%emt 0:00:01]} 32. cxb5 {[%emt 0:00:56]} axb5 {[%emt 0:00:06]} 33. Rc1 {[%emt 0:00:14]} Rc8 {[%emt 0:00:51]} 34. Kg2 {[%emt 0:00:39]} Kf6 {[%emt 0:00:20]} 35. Kf3 {[%emt 0:01:10]} Ke5 {[%emt 0:00:01]} 36. Ke3 {[%emt 0:00:27]} b4 {[%emt 0:00:48]} 37. Rc4 {[%emt 0:00:13]} Kd5 {[%emt 0:00:41]} 38. d4 {[%emt 0:00:47]} cxd4+ {[%emt 0:02:11]} 39. Rxd4+ {[%emt 0:00:06]} Ke5 {[%emt 0:00:01]} 40. Rc4 {[%emt 0:00:51]} Ra8 {[%emt 0:00:21]} 41. Rc5+ {[%emt 0:00:24]} Ke6 {[%emt 0:00:58]} 42. Kf4 {[%emt 0:00:16]} Rxa2 {[%emt 0:00:01]} 43. Re5+ {[%emt 0:00:15]} Kd6 {[%emt 0:01:40]} 44. Rxf5 {[%emt 0:00:38]} Rb2 {[%emt 0:00:16]} 45. Rxh5 {[%emt 0:00:27]} Rxb3 {[%emt 0:00:01]} 46. Rh8 {[%emt 0:00:35]} Rc3 {[%emt 0:00:27]} 47. Rb8 {[%emt 0:00:38]} Rc4+ {[%emt 0:00:04]} 48. Kg5 {[%emt 0:00:44]} Kc7 {[%emt 0:00:01]} 49. Rf8 {[%emt 0:00:47]} b3 {[%emt 0:00:10]} 50. Rf2 {[%emt 0:00:47]} Rb4 {[%emt 0:03:04]} 51. Rb2 {[%emt 0:00:06]} Kd7 {[%emt 0:00:10]} 52. Kf5 {[%emt 0:00:39]} Kd6 {[%emt 0:00:58]} 53. h5 {[%emt 0:00:50]} Ke7 {[%emt 0:00:13]} 54. g4 {[%emt 0:00:27]} Kf7 {[%emt 0:00:14]} 55. g5 {[%emt 0:00:33]} Rb5+ {[%emt 0:00:12]} 56. Kf4 {[%emt 0:00:18]} Kg7 {[%emt 0:00:06]} 57. h6+ {[%emt 0:00:31]} Kg6 {[%emt 0:00:26]} 58. Ke4 {[%emt 0:00:37]} Rxg5 {[%emt 0:00:15]} 59. Rxb3 {[%emt 0:00:05]} Kxh6 1/2-1/2

[Event "7th Iberoamerican-ch 2019"]
[Site "Linares"]
[Date "2019.08.16"]
[Round "7.7"]
[White "Del Rio De Angelis, Salvador G."]
[Black "Anton Guijarro, David"]
[Result "1/2-1/2"]
[WhiteElo "2472"]
[BlackElo "2678"]
[Annotator "TA"]
[PlyCount "86"]
[EventDate "2019.08.10"]
[EventType "swiss"]
[EventCountry "ESP"]
[SourceTitle "playchess.com"]
[Source "ChessBase"]
[SourceQuality "1"]

{[%evp 9,86,0,34,20,23,27,20,9,20,23,72,8,13,-27,-25,-50,-41,-52,-49,-64,-42,-33,-40,-36,-40,-35,0,0,0,0,0,0,0,0,0,-19,-20,-32,-38,-37,-27,-13,-27,-18,33,26,102,98,101,-33,-27,-30,-45,-41,-20,-20,-26,-31,-31,-22,-28,-22,-18,-18,-22,-18,0,0,0,-19,0,0,0,0,0,0,0,0,519]} 1. d4 Nf6 2. c4 e6 3. Nc3 d5 4. Bg5 dxc4 5. e4 h6 (5... c5 6. Nf3 cxd4 7. Qxd4 Qxd4 8. Nxd4 Bd7 9. Bxc4 Bb4 10. f3 O-O 11. Nde2 Rc8 12. Bb3 Nc6 13. O-O-O {½-½ (30) Diermair,A (2508)-Schnider,G (2422) Vienna 2018}) 6. Bxf6 $1 {D50: Queen's Gambit Declined: Dutch-Peruvian Gambit} Qxf6 7. Bxc4 Nc6 8. Nf3 Bd7 9. O-O $146 ({Predecessor:} 9. a3 g5 10. d5 exd5 11. Nxd5 Qd6 12. Qb3 O-O-O 13. Rc1 {1-0 (48) Traut,G (2270)-Teske,H (2176) Remote email 2013}) 9... g5 10. e5 (10. d5 $16 Ne5 11. Nxe5 Qxe5 12. dxe6 fxe6 13. Qh5+ Kd8 14. Rac1) 10... Qg7 $1 $11 11. Qd3 O-O-O 12. Rfd1 g4 13. Ne1 $1 h5 14. Rac1 h4 15. Ne4 $1 Kb8 16. a3 Be7 {White must now prevent ...Nxd4!} 17. Qe3 g3 18. fxg3 hxg3 19. h3 Qg6 20. Nf3 Bf8 21. Qe1 Ne7 22. Bd3 {And now Nd6 would win.} ({Avoid the trap} 22. Nxg3 $2 Rg8 $19) 22... Nd5 {Hoping for ...Bh6.} 23. Neg5 ({Much weaker is} 23. Qxg3 Qxg3 24. Nxg3 Bh6 $17) 23... Qh5 24. Qxg3 Be7 25. h4 Rdg8 26. Re1 f6 (26... Ba4 $11) 27. exf6 $14 Bd6 {[#]} (27... Bxf6 $11 {remains equal.} 28. Re4 Bc6) 28. Ne5 $1 $16 {[%cal Re5d7]} Nxf6 {[#]} 29. Be2 (29. Rf1 $1 $16 {[%cal Rf1f6]} Bxe5 30. dxe5) 29... Qxh4 $15 30. Qxh4 Rxh4 31. Ngf3 Rh7 32. Bd3 Rh3 33. Nxd7+ Nxd7 34. Rxe6 Rxf3 35. Bh7 Rfg3 {The position is equal.} 36. Bxg8 Rxg8 37. Rce1 {Re8+ would kill now.} b5 (37... b6 {feels hotter.} 38. Re8+ Rxe8 39. Rxe8+ Kb7 40. Kf2 Kc6) 38. Re8+ $1 Rxe8 39. Rxe8+ Kb7 40. Kf2 Kc6 41. Ke3 a5 42. Kd3 Nb6 43. g4 Kd5 $2 {[%mdl 40960] Accuracy: White = 73%, Black = 67%. . An unexpected result.} (43... Kd7 $11 {and Black stays safe.} 44. Re2 Be7) 1/2-1/2

[Event "7th Iberoamerican-ch 2019"]
[Site "Linares"]
[Date "2019.08.16"]
[Round "7.8"]
[White "Larino Nieto, David"]
[Black "Salgado Lopez, Ivan"]
[Result "1/2-1/2"]
[WhiteElo "2457"]
[BlackElo "2596"]
[Annotator "ChessBase"]
[PlyCount "89"]
[EventDate "2019.08.10"]
[EventType "swiss"]
[EventCountry "ESP"]
[SourceTitle "playchess.com"]
[Source "ChessBase"]
[SourceQuality "1"]
[TimeControl "5400+30"]

1. b3 {[%emt 0:01:56]} e5 {[%emt 0:00:38]} 2. Bb2 {[%emt 0:00:02]} Nc6 {[%emt 0:00:11]} 3. e3 {[%emt 0:00:05]} g6 {[%emt 0:00:38]} 4. d4 {[%emt 0:02:17]} exd4 {[%emt 0:04:01]} 5. Nf3 {[%emt 0:00:16]} Bg7 {[%emt 0:02:37]} 6. Be2 {[%emt 0:08:24]} Nf6 {[%emt 0:01:48]} 7. Nxd4 {[%emt 0:04:07]} Nxd4 {[%emt 0:04:41]} 8. Bxd4 {[%emt 0:00:02]} d5 {[%emt 0:01:59]} 9. O-O {[%emt 0:01:40]} O-O {[%emt 0:02:18]} 10. Nd2 {[%emt 0:02:48]} Qe7 {[%emt 0:02:17]} 11. Bf3 {[%emt 0:05:53]} c5 {[%emt 0:07:42]} 12. Bb2 {[%emt 0:00:26]} Bf5 {[%emt 0:02:12]} 13. Rc1 {[%emt 0:02:10]} Rad8 {[%emt 0:02:25]} 14. Qe2 {[%emt 0:00:45]} Rfe8 {[%emt 0:00:39]} 15. Rfe1 {[%emt 0:00:46]} h5 {[%emt 0:02:51]} 16. h3 {[%emt 0:00:17]} Qc7 {[%emt 0:03:34]} 17. Ba1 {[%emt 0:01:11]} h4 {[%emt 0:10:37]} 18. Red1 {[%emt 0:08:59]} d4 {[%emt 0:06:41]} 19. Nf1 {[%emt 0:01:10]} a6 {[%emt 0:02:18]} 20. c4 {[%emt 0:04:48]} Ne4 {[%emt 0:04:25]} 21. Bxe4 {[%emt 0:04:16]} Bxe4 {[%emt 0:03:03]} 22. f3 {[%emt 0:04:02]} Bc6 {[%emt 0:05:16]} 23. Qf2 {[%emt 0:00:32]} Qa5 {[%emt 0:03:46]} 24. exd4 {[%emt 0:03:34]} cxd4 {[%emt 0:00:21]} 25. Bxd4 {[%emt 0:00:12]} Bxd4 {[%emt 0:09:16]} 26. Rxd4 {[%emt 0:00:06]} Rxd4 {[%emt 0:00:16]} 27. Qxd4 {[%emt 0:00:02]} Bxf3 {[%emt 0:03:58]} 28. Qxh4 {[%emt 0:03:22]} Qc5+ {[%emt 0:00:36]} 29. Kh1 {[%emt 0:00:02]} Bc6 {[%emt 0:09:21]} 30. Re1 {[%emt 0:03:29]} Rxe1 {[%emt 0:03:00]} 31. Qxe1 {[%emt 0:00:03]} Qf5 {[%emt 0:00:19]} 32. Kg1 {[%emt 0:00:26]} a5 {[%emt 0:00:23]} 33. Qd2 {[%emt 0:01:00]} a4 {[%emt 0:00:30]} 34. bxa4 {[%emt 0:06:56]} Bxa4 {[%emt 0:00:16]} 35. Qd8+ {[%emt 0:01:02]} Kh7 {[%emt 0:00:34]} 36. Qd4 {[%emt 0:00:06]} Bc6 {[%emt 0:00:26]} 37. a3 {[%emt 0:00:12]} Qc2 {[%emt 0:00:36]} 38. Ne3 {[%emt 0:01:20]} Qc1+ {[%emt 0:00:18]} 39. Kh2 {[%emt 0:00:01]} Qxa3 {[%emt 0:00:28]} 40. Ng4 {[%emt 0:00:04]} Qa2 {[%emt 0:00:51]} 41. Nf6+ {[%emt 0:00:46]} Kh6 {[%emt 0:00:48]} 42. Nd5 {[%emt 0:00:22]} Kh7 {[%emt 0:00:51]} 43. Qh4+ {[%emt 0:00:32]} Kg8 {[%emt 0:00:33]} 44. Qe4 {[%emt 0:05:29]} Qb2 {[%emt 0:00:33]} 45. Ne7+ 1/2-1/2